00501nam a22001697a 4500008004100000020001500041082001400056100003300070245002100103260006100124300001500185504004500200650001400245650002300259650002300282700002600305210324b xxu||||| |||| 00| 0 eng d a812690187x a809/R647m aRollanson, Christopher ,edi. aModern criticism aNew Delhi:bAtlantic Publishers and Distributors,c2002. axii, 304p. aBibliography at the end of each chapter. aCriticism aEnglish literature aLiterary criticism aMittapalli, Rajeshwar